000 00539 a2200181 4500
999 _c5823
_d5823
010 _aENG-87030
020 _a0070666784
_c199.00
035 _aEN-70563
037 _bDBAD / PUB
082 1 4 _a005.13
100 1 _aBalagurusamy, E.
245 1 _aObject oriented programming /
_cby E.Balagurusamy
260 _aNew Delhi
_bTata McGraw-Hill Publishing
_c2008
270 _a7, West Patel Nagar,
_bNew Delhi
_e110 008
300 _axvi, 449 p
_c24 cm (Pbk)
500 _aIncludes index
942 _adpl
_cEN
_2ddc
_h005.13
_mBAL